Mystery Taylor Swift Song #78 - Statistics

General Stats
  • This quiz has been taken 357 times
  • The average score is 76 of 132
Answer Stats
Song % Correct
I
93%
Speak Now
92%
you
90%
a
89%
the
88%
The
88%
me
87%
And
83%
in
83%
your
83%
on
82%
My
81%
when
81%
I'm
80%
it
80%
of
80%
to
79%
You're
79%
you're
79%
be
78%
no
77%
see
76%
is
75%
that
75%
go
74%
not
74%
it's
73%
like
73%
sparks
72%
'Cause
71%
fly
71%
was
70%
But
69%
now
69%
What
69%
with
68%
for
67%
know
66%
there
66%
Take
65%
around
64%
by
64%
Kiss
64%
smile
64%
Sparks Fly
64%
whenever
64%
away
63%
baby
63%
down
63%
just
63%
rain
63%
everything
62%
pain
62%
As
61%
eyes
61%
Meet
61%
pouring
61%
could
60%
would
60%
way
59%
Drop
58%
get
58%
lights
58%
sidewalk
58%
those
58%
something
57%
oh
56%
green
54%
than
54%
won't
54%
make
53%
feel
52%
should
52%
thinking
51%
cards
50%
Gimme
50%
haunt
50%
house
50%
right
50%
touch
50%
enough
49%
front
49%
keep
49%
really
49%
wish
49%
better
48%
couldn't
48%
good
48%
up
48%
kind
47%
kinda
47%
rainstorm
47%
run
47%
Close
46%
once
46%
stood
46%
bad
45%
move
45%
full
44%
hair
44%
show
44%
that'll
44%
through
43%
fingers
42%
keeping
42%
rest
42%
wait
42%
world
42%
wrong
42%
even
41%
idea
41%
running
41%
far
40%
hope
40%
mind
40%
reckless
40%
watch
40%
fireworks
39%
send
39%
guard
38%
patiently
38%
soft
38%
remind
37%
slow
37%
wild
37%
captivated
36%
whisper
36%
forgets
35%
imagined
35%
staircase
34%
find
32%
lead
26%
No matching quizzes found
Score Distribution
Percent of People with Each Score
Percentile by Number Answered
Your Score History
You have not taken this quiz